00500 2200193 4500001002100000005001500021035002000036007000300056008004100059020000800100082001000108084001600118100001800134245005200152250002000204260003100224300003500255650001600290INLIS00000000113893520220121094305 a0010-0122004090ta220121 0 ind  a... aF 813 aF 813 CHO b0 aChoi Kyung Ah1 aBiBi The Road to Fashion Vol 5 /cChoi Kyung Ah aCetakan Pertama aJakarta :bGramedia,c2007 a... :bilustrasi ;c17 x 11 cm 4aFiksi Komik